|
|
|
|
| LEADER |
00000nam a2200000 a 4500 |
| 001 |
vtls001335922 |
| 003 |
SK-MaSNL |
| 005 |
20260302033515.0 |
| 008 |
210928s1989 xr 0 cze |
| 020 |
|
|
|a 807079528X
|
| 035 |
|
|
|a SNK000288901
|
| 040 |
|
|
|a SNK
|b slo
|c SNK
|e AACR2
|
| 041 |
0 |
|
|a cze
|
| 044 |
|
|
|a CZ
|
| 080 |
|
|
|a 330.59(075.8)
|2 1981
|
| 245 |
1 |
|
|a Vybrané otázky životní úrovně a jejího plánování v podmínkách přestavby
|b pro posl. fak. národohospodářské ; autoř: Boris Dlouhý a kol.
|
| 260 |
|
|
|a Praha
|b Vysoká škola ekonomická
|c 1989
|
| 300 |
|
|
|a 35 s.
|c 4°
|
| 650 |
0 |
7 |
|a úroveň životná
|x plánovanie
|x učebnice vysokoškolské
|2 SNK
|9 683795
|
| 700 |
1 |
|
|a Dlouhý, Boris
|4 aut
|9 683796
|
| 919 |
|
|
|a 80-7079-528-X
|
| 958 |
|
|
|a RK
|
| 958 |
|
|
|a OND
|
| 999 |
|
|
|c 1062016
|d 1063946
|
| 952 |
|
|
|t P60, <04>, [BOOK], {604}
|a SNK
|b SNK
|y VYP
|7 0
|o snkIB 63391
|i snkKIP 295/90
|0 0
|1 0
|4 0
|d 1998-07-02
|l 0
|r 2005-01-02 00:00:00
|w 2026-02-24
|
| 952 |
|
|
|t P60, <04>, [BOOK], {604}
|a SNK
|b SNK
|y VYP
|7 0
|o snkIB 63391 D1
|i snkKIP 296/90
|0 0
|1 0
|4 0
|d 1998-07-02
|l 0
|r 2005-01-02 00:00:00
|w 2026-02-24
|